Nemyslia iba na seba

Podrobná bibliografia
Médium: Článok
Jazyk:slovenčina
Predmet:

MARC

LEADER 00000nab a2200000 a 4500
001 vtls008954451
003 SK-MaSNL
005 20260303070320.0
008 070312 2007 xo w n 000 0 slo
015 |a SLLK2007  |2 sllk 
038 |a SLLK 
040 |a SLLK  |b slo  |c sllk  |e AACR2 
041 0 |a slo 
044 |a xo  |c SK 
080 |a 267  |2 1997 
080 |a 061.234  |2 1997 
245 0 0 |a Nemyslia iba na seba  |c [autor] (A.K) 
610 2 7 |a Združenie kresťanských seniorov (Stará Ľubovňa, Slovensko)  |2 snkbucl  |9 1067587 
648 7 |a 2007  |2 snkbucl  |9 313226 
651 7 |a Stará Ľubovňa (Slovensko)  |2 snkbucl  |9 19193 
773 0 |t Ľubovnianske noviny  |g Roč. XXXIII, č. 9 (2007), s. 4 
852 |a SLLK  |b KIS3GCP 
999 |c 1754851  |d 1756781